00428pab a2200133 454500008004000000100002100040245013000061260000900191300001600200362000800216650001800224650001800242773003400260180718b2003 xxu||||| |||| 00| 0 eng d aBonoli, Giuliano aSocial policy through labor markets: understanding national differences in the provision of economic security to wage earners c2003 ap.1007-030. aNov aSocial policy aLabour market aComparative Political Studies